000 00689nam a22001937a 4500
005 20250324152543.0
008 250324b |||||||| |||| 00| 0 eng d
020 _a978-93-5746-991-3
_cRs.1099.00
040 _aLoreto College
041 _aEnglish
082 _a153.94
_bGMA
245 _aGMAT Official Guide Quantitative Review 2024-2025
_cCompiled by Joy Jones
260 _aNew Delhi
_bWiley India
_c©2024
300 _a185p.
_b27cm.
650 _aCompetitive examination book - GMAT
700 _4com.
_aJones,Joy
850 _aLCLIB
942 _cBK
999 _c43960
_d94439